Представление документа в формате RUSMARC

ПолеНазваниеЗначение
  Тип записи a
  Библиографический уровень m
001 Контрольный номер f6cf2a9e-22aa-48ef-83e1-9d5a7fd7f684
005 Дата корректировки 20140820192400.4
100 Данные общей обработки __
a Данные общей обработки 20070922 |||y0 y0189 ca
101 Язык документа __
a Язык текста rus
105 Кодированные данные (монография) __
a Кодированные данные (монография) zy
200 Заглавие и сведения об ответственности 0_
a Заглавие Физическая культура. Новые виды спорта для самостоятельных занятий студентов
e Сведения, относящиеся к заглавию Учебное пособие [текст]
f Первые сведения об ответственности И.И. Тищенков, Л.А. Бушева, Д.В. Зеленова, Е.Р. Парнюгина
210 Выходные данные __
a Место издания М.
c Издательство Российский университет кооперации
d Дата издания 2007
215 Физическое описание __
a Объем 51с.
318 Примечание о действии __
a Действие Заказ
b Идентификация действия Гл.к.-1
c Дата и время действия 08.06.92
606 Тематические рубрики __
a Основная рубрика Физическая культура и спорт
610 Ключевые слова __
a Ключевые слова физическая культура
675 Индекс УДК __
a Индекс УДК 796\799
686 Индексы других классификаций __
a Классификационный индекс 75
2 Код системы rubbk
700 Автор _1
a Фамилия Тищенков
b Имя И.И.
701 Альтернативная интеллектуальная ответственность _1
a Фамилия Бушева
b Имя Л.А.
701 Альтернативная интеллектуальная ответственность _1
a Фамилия Зеленова
b Имя Д.В.
701 Альтернативная интеллектуальная ответственность _1
a Фамилия Парнюгина
b Имя Е.Р.
852 Данные о местонахождении __
h Классификационный индекс
i Авторский знак Ф-50
899 Данные о местонахождении __
b Место хранения УчФ-1
t Номер экземпляра 1
h Классификационная часть РШ
i Авторский знак Ф-50
901 Тип документа __
t Тип документа m
938 Служебная информация __
a Название организации Краснодарский филиал
b Имя БД Методические пособия
c Название АИБС АИБС Библиотека